| 000 | 00776cam a2200229 a 4500 | ||
|---|---|---|---|
| 001 | 000001661 | ||
| 003 | DO-SdBNP | ||
| 005 | 20250621074004.0 | ||
| 008 | 690606s1969 nyub b 001 0 eng | ||
| 040 |
_aDO-SdBNP _bspa _cBNPHU |
||
| 082 |
_a972.93 _bW631d |
||
| 100 | 1 |
_aWiarda, Howard J., _d1939- _95409 |
|
| 245 | 1 | 4 |
_aThe Dominican Republic : _bnation in transition / _cHoward J. Wiarda. |
| 260 |
_aNew York : _bFederick A. Praeger, _c1969. |
||
| 300 |
_aviii, 249 p. : _bmap. ; _c22 cm. |
||
| 500 | _aIncluye índice | ||
| 651 | 4 |
_aRepública Dominicana _xVida social y costumbres _9405 |
|
| 651 | 0 |
_aRepública Dominicana _xPolítica y gobierno _945 |
|
| 651 | 4 |
_aRepública Dominicana _xGeografía _95410 |
|
| 910 | _aValidado. Control de calidad MFF | ||
| 942 |
_2ddc _cLBS1 |
||
| 999 |
_c1545 _d1545 |
||